Statistics for Countries with the Lowest Human Poverty Index

Click here to take the quiz!

General Stats

  • This quiz has been taken 570 times
  • The average score is 18 of 20

Answer Stats

ScoreCountry% Correct
6.3Sweden
96%
6.8Norway
95%
8.1Finland
94%
14.8United Kingdom
94%
15.4United States
94%
10.9Canada
93%
10.3Germany
93%
8.2Denmark
92%
11.2France
91%
10.7Switzerland
91%
8.1Netherlands
90%
12.1Australia
89%
11.1Austria
89%
29.8Italy
89%
12.4Belgium
88%
12.5Spain
88%
---Iceland
87%
11.7Japan
85%
16.0Ireland
81%
11.1Luxembourg
81%

Score Distribution

Percentile by Number Answered

Percent of People with Each Score

Your Score History

You have not taken this quiz